Mammifères de France métropolitaine - Statistiques

Statistiques générales
  • Ce quiz a été pris 37 fois
  • Le résultat moyen est 33 sur 123
Statistiques - réponses
Ordre Famille Réponse % Correct
Loup gris
92%
Ursidés Ours brun
84%
Mustélidés Belette
76%
Myocastoridés Ragondin
76%
Rodentiens(rongeurs) Castoridés Castor d'Europe
72%
Fouine
72%
Cervidés Cerf élaphe
68%
Sciuridés Ecureuil roux
68%
Erinacéomorphes Erinacéidés(hérissons) Hérisson d'Europe
68%
Hermine
68%
Primates Hominidés Humain
68%
Lapin de garenne
68%
Renard roux
68%
Lynx boréal
64%
Daim
60%
Martre des pins
60%
Campagnol des champs
56%
Chamois
56%
Félidés Chat forestier
56%
Taupe d'Europe
56%
Loutre d'Europe
52%
Pipistrelle commune
52%
Putois d'Europe
52%
Rat noir
52%
Procyonidés Raton laveur
52%
Cétartiodactyles Bovidés Bouquetin des Alpes
48%
Chien viverrin
48%
Campagnol amphibie
44%
Rhinolophidés Grand rhinolophe
44%
Petit rhinolophe
44%
Rat musqué
44%
Suidés Sanglier d'Europe
44%
Chevreuil européen
40%
Grand murin
40%
Lièvre d'Europe
40%
Lièvre variable
40%
Phoque gris
40%
Souris grise
40%
Carnivores Canidés Chacal doré
36%
Isard
36%
Petit murin
36%
Vison d'Europe
36%
Viverridés Genette commune
32%
Loir gris
32%
Mulot sylvestre
32%
Talpidés(taupes) Desman des Pyrénées
28%
Muscardin
28%
Oreillard roux
28%
Rat des moissons
28%
Diprotodontes Macropodidiés(wallabies) Wallaby de Bennett
28%
Cricéridés(campagnols) Campagnol agreste
24%
Campagnol roussâtre
24%
Chiroptères(chauve-souris) Molossidés Molosse de Cestoni
24%
Noctule commune
24%
Pipistrelle de Kuhl
24%
Pipistrelle pygmée
24%
Campagnol terrestre
20%
Cerf sika
20%
Crossope aquatique
20%
Grande noctule
20%
Murin de Daubenton
20%
Musaraigne pygmée
20%
Noctule de Leisler
20%
Oreillard gris
20%
Phocidés Phoque commun
20%
Vespertilionidés(murins) Barbastelle d'Europe
16%
Blaireau européen
16%
Marmotte des Alpes
16%
Murin de Natterer
16%
Pipistrelle de Nathusius
16%
Rat surmulot
16%
Rhinolophe euryale
16%
Taupe d'Aquitaine
16%
Vison d'Amérique
16%
Bouquetin ibérique
12%
Minioptèridés Minioptère de Schreibers
12%
Mouflon à manchettes
12%
Mulot à collier
12%
Murin à oreilles échancrées
12%
Murin d'Alcathoé
12%
Rhinolophe de Méhely
12%
Sérotine bicolore
12%
Sérotine commune
12%
Tamia de Sibérie
12%
Soricomorphes Soricidés(musaraignes) Crocidure des jardins
8%
Crocidure musette
8%
Grand hamster
8%
Gliridés Lérot commun
8%
Murin à moustaches
8%
Murin de Brandt
8%
Murin de Capaccini
8%
Musaraigne couronnée
8%
Vespère de Savi
8%
Campagnol des neiges
4%
Campagnol souterrain
4%
Ecureuil à ventre rouge
4%
Lièvre ibérique
4%
Muntjac de Reeves
4%
Murin de Bechstein
4%
Murin des marais
4%
Musaraigne alpine
4%
Musaraigne carrelet
4%
Musaraigne du Valais
4%
Oreillard montagnard
4%
Sérotine boréale
4%
Souris d'Afrique du Nord
4%
Campagnol basque
0%
Campagnol de Fatio
0%
Campagnol de Lavernède
0%
Campagnol de Savi
0%
Campagnol des Pyrénées
0%
Campagnol fouisseur
0%
Campagnol provençal
0%
Crocidure leucode
0%
Crossope de Miller
0%
Lagomorphes Léporidés Lièvre corse
0%
Mouflon méditerranéen
0%
Muridés(souris) Mulot alpestre
0%
Murin cryptique
0%
Murin d'Escalera
0%
Murin du Maghreb
0%
Pachyure étrusque
0%
Taupe aveugle
0%
Aucun quiz correspondant
Distribution des résultats
% des personnes avec chaque résultat
Percentile par nombre de réponses
Votre historique - résultats
Vous n’avez pas pris ce quiz